000
00273nam a2200097Ia 4500
082
_a
J R 333.952203 ENDA
245
0
_a
Beginning reflective practice
100
_a
JASPER, Melanie Cheltenham, 2003
_9
80153
942
_c
BK
008
210817s9999 xx 000 0 und d
999
_c
280879
_d
280878